• 首页
  • 本馆介绍
  • 公告通知
  • 最新文献
  • 馆藏检索
  • 电子资源
  • 读者导购
  • 参考咨询
  • 我的图书馆
  • 登录
  • 详细信息显示
  • 放入我的书架
  • 预约/预借图书
  • 作者相关作品
  • 分类相关作品
  • 丛书相关作品
  • 出版社相关作品

书目信息

  • 表格格式
  • 工作单格式
  • 卡片格式
题名:
遥感数字图像处理教程
    
 
作者: 韦玉春 , 汤国安 , 江闽 编著
分册:  
出版信息: 北京   科学出版社  2014.11
页数: 312页
开本: 26cm
丛书名: 全国高校地理信息科学教学丛书
单 册:
中图分类: TP751.1
科图分类:
主题词: 遥感图象--yao gan tu xiang--数字图象处理--高等学校--教材
电子资源:
ISBN: 978-7-03-042282-8
000 01668nam 2200361 45
001 012001002739
005 20191121144704.84
010    @a978-7-03-042282-8@dCNY45.00
099    @aCAL 012015032843
100    @a20150309d2015 em y0chiy50 ea
101 0  @achi
102    @aCN@b110000
105    @aak a 000yy
106    @ar
200 1  @a遥感数字图像处理教程@Ayao gan shu zi tu xiang chu li jiao cheng@f韦玉春 ... 等编著
205    @a第2版
210    @a北京@c科学出版社@d2014.11
215    @a312页@c图@d26cm@e光盘1片
225 2  @a全国高校地理信息科学教学丛书@Aquan guo gao xiao di li xin xi ke xue jiao xue cong shu
300    @a普通高等教育“十一五”国家级规划教材
304    @a题名页题: 韦玉春, 汤国安, 江闽, 杨昕等编著
305    @a2007年初版。
320    @a有书目 (第308-312页)
330    @a本书面向地理学发展和地理信息科学教学需要,阐述了遥感数字图像处理的概念和主要方法,覆盖了光学遥感数字图像处理的主要内容。全书以图像的获取和存储、图像数字表示和描述、图像显示、图像校正、图像变换、滤波、图像分割、分类和遥感信息提取为主线,相关知识前后衔接清楚;各章节按“理论一基础一方法一应用”描述明确,便于理解和学习。
333    @a本书可作为遥感、地理、环境、测绘、土地、海洋、农业、地矿、水利、信息等学科的本科生和研究生教材,也可供资源环境、遥感和地理信息系统、计算机等领域研究人员和技术人员参考。
410  0 @12001@@a全国高校地理信息科学教学丛书
606 0  @a遥感图象@Ayao gan tu xiang@x数字图象处理@x高等学校@j教材
690    @aTP751.1@v5
701  0 @a韦玉春@Awei yu chun@4编著
701  0 @a汤国安@Atang guo an@4编著
701  0 @a江闽@Ajiang min@4编著
801  0 @aCN@b北京卓展@c20191020
905    @b1205738-41@dTP751.1@e61=2@f4
    
    遥感数字图像处理教程/韦玉春 ... 等编著.-第2版.-北京:科学出版社,2014.11
    312页:图;26cm+光盘1片.-(全国高校地理信息科学教学丛书)
    普通高等教育“十一五”国家级规划教材.-使用对象:本书可作为遥感、地理、环境、测绘、土地、海洋、农业、地矿、水利、信息等学科的本科生和研究生教材,也可供资源环境、遥感和地理信息系统、计算机等领域研究人员和技术人员参考。
    
    ISBN 978-7-03-042282-8:CNY45.00
    本书面向地理学发展和地理信息科学教学需要,阐述了遥感数字图像处理的概念和主要方法,覆盖了光学遥感数字图像处理的主要内容。全书以图像的获取和存储、图像数字表示和描述、图像显示、图像校正、图像变换、滤波、图像分割、分类和遥感信息提取为主线,相关知识前后衔接清楚;各章节按“理论一基础一方法一应用”描述明确,便于理解和学习。
●
相关链接 在E读中查询图书 在五车中查询图书 在当当中查询图书 在豆瓣中查询图书


正题名:遥感数字图像处理教程     索取号:TP751.1/61=2         预约/预借

序号 登录号 条形码 馆藏地/架位号 状态 备注
1 1205738   212057389   第二样本阅览室/ [索取号:TP751.1/61=2] 在馆    
2 1205739   212057398   第三借阅区/ [索取号:TP751.1/61=2] 在馆    
3 1205740   212057405   第三借阅区/ [索取号:TP751.1/61=2] 在馆    
4 1205741   212057414   第三借阅区/ [索取号:TP751.1/61=2] 在馆    
唐山师范学院图书馆 欢迎您!
大连网信软件有限公司© 版权所有